|
|
|
|
| LEADER |
00000cam a2200000 7i4500 |
| 001 |
0000084284 |
| 005 |
20191111.0 |
| 008 |
191111 |
| 020 |
|
|
|a 9789672083306
|
| 041 |
0 |
|
|a English
|
| 090 |
0 |
0 |
|a JF
|b ENG
|
| 100 |
0 |
|
|a Suhaimi Mamat ,
|d 1974-
|
| 245 |
0 |
0 |
|a Ali Baba
|c Suhaimi Bin Mamat
|
| 260 |
|
|
|a Johor :
|b Perbadanan Perpustakaan Awam Johor ,
|c 2019
|
| 300 |
|
|
|a 15 p. :
|b col.,ill. ;
|c 26 cm.
|
| 500 |
|
|
|a Children ages 7-9 years old (orange)
|
| 541 |
0 |
0 |
|c Purchased on 2019
|f PPAJ
|
| 650 |
|
0 |
|a Children's stories, English
|
| 650 |
|
0 |
|a English fiction
|
| 710 |
1 |
|
|a Perbadanan Perpustakaan Awam Johor
|
| 999 |
|
|
|a 0001595838
|b Book
|c Children Collection
|e Cawangan Muar
|
| 999 |
|
|
|a 0001595839
|b Book
|c Children Collection
|e Cawangan Muar
|
| 999 |
|
|
|a 0001595840
|b Book
|c Children Collection
|e Cawangan Muar
|
| 999 |
|
|
|a 0001595841
|b Book
|c Children Collection
|e Cawangan Muar
|
| 999 |
|
|
|a 0001595842
|b Book
|c Children Collection
|e Cawangan Muar
|
| 999 |
|
|
|a 0001595843
|b Book
|c Children Collection
|e Cawangan Muar
|
| 999 |
|
|
|a 0001595844
|b Book
|c Children Collection
|e Cawangan Muar
|
| 999 |
|
|
|a 0001595845
|b Book
|c Children Collection
|e Cawangan Muar
|
| 999 |
|
|
|a 0001595846
|b Book
|c Children Collection
|e Cawangan Muar
|
| 999 |
|
|
|a 0001595847
|b Book
|c Children Collection
|e Cawangan Muar
|
| 999 |
|
|
|a 0001618098
|b Book
|c Children Collection
|e Cawangan Mersing
|
| 999 |
|
|
|a 0001618099
|b Book
|c Children Collection
|e Cawangan Mersing
|
| 999 |
|
|
|a 0001618100
|b Book
|c Children Collection
|e Cawangan Mersing
|
| 999 |
|
|
|a 0001618101
|b Book
|c Children Collection
|e Cawangan Mersing
|
| 999 |
|
|
|a 0001618102
|b Book
|c Children Collection
|e Cawangan Mersing
|
| 999 |
|
|
|a 0001618103
|b Book
|c Children Collection
|e Cawangan Taman Sri Lambak
|
| 999 |
|
|
|a 0001618104
|b Book
|c Children Collection
|e Cawangan Taman Sri Lambak
|
| 999 |
|
|
|a 0001618105
|b Book
|c Children Collection
|e Cawangan Taman Sri Lambak
|
| 999 |
|
|
|a 0001618106
|b Book
|c Adult Collection
|e Cawangan Taman Sri Lambak
|
| 999 |
|
|
|a 0001618107
|b Book
|c Adult Collection
|e Cawangan Taman Sri Lambak
|
| 999 |
|
|
|a 0001618108
|b Book
|c Children Collection
|e Cawangan Bukit Gambir
|
| 999 |
|
|
|a 0001618109
|b Book
|c Children Collection
|e Cawangan Bukit Gambir
|
| 999 |
|
|
|a 0001618111
|b Book
|c Children Collection
|e Cawangan Bandar Penawar
|
| 999 |
|
|
|a 0001618112
|b Book
|c Children Collection
|e Cawangan Bandar Penawar
|
| 999 |
|
|
|a 0001618113
|b Book
|c Children Collection
|e Cawangan Bandar Penawar
|
| 999 |
|
|
|a 0001618114
|b Book
|c Children Collection
|e Cawangan Bandar Penawar
|
| 999 |
|
|
|a 0001618115
|b Book
|c Children Collection
|e Cawangan Bandar Penawar
|
| 999 |
|
|
|a 0001618116
|b Book
|c Children Collection
|e Cawangan Batu Pahat
|
| 999 |
|
|
|a 0001618117
|b Book
|c Children Collection
|e Cawangan Batu Pahat
|
| 999 |
|
|
|a 0001618118
|b Book
|c Children Collection
|e Cawangan Batu Pahat
|
| 999 |
|
|
|a 0001618119
|b Book
|c Children Collection
|e Cawangan Batu Pahat
|
| 999 |
|
|
|a 0001618120
|b Book
|c Children Collection
|e Cawangan Batu Pahat
|
| 999 |
|
|
|a 0001618121
|b Book
|c Children Collection
|e Cawangan Muar
|
| 999 |
|
|
|a 0001618122
|b Book
|c Children Collection
|e Cawangan Muar
|
| 999 |
|
|
|a 0001618123
|b Book
|c Children Collection
|e Cawangan Muar
|
| 999 |
|
|
|a 0001618124
|b Book
|c Children Collection
|e Cawangan Muar
|
| 999 |
|
|
|a 0001618125
|b Book
|c Children Collection
|e Cawangan Muar
|
| 999 |
|
|
|a 0001618126
|b Book
|c Children Collection
|e Cawangan Pontian
|
| 999 |
|
|
|a 0001618127
|b Book
|c Children Collection
|e Cawangan Kota Tinggi
|
| 999 |
|
|
|a 0001618128
|b Book
|c Children Collection
|e Cawangan Kota Tinggi
|
| 999 |
|
|
|a 0001618129
|b Book
|c Children Collection
|e Cawangan Kota Tinggi
|
| 999 |
|
|
|a 0001618130
|b Book
|c Children Collection
|e Cawangan Kota Tinggi
|
| 999 |
|
|
|a 0001618131
|b Book
|c Children Collection
|e Cawangan Kota Tinggi
|
| 999 |
|
|
|a 0001618132
|b Book
|c Children Collection
|e Cawangan Bandar Tenggara
|
| 999 |
|
|
|a 0001618133
|b Book
|c Children Collection
|e Cawangan Bandar Tenggara
|
| 999 |
|
|
|a 0001618134
|b Book
|c Children Collection
|e Cawangan Bandar Tenggara
|
| 999 |
|
|
|a 0001618135
|b Book
|c Children Collection
|e Cawangan Bandar Tenggara
|
| 999 |
|
|
|a 0001618136
|b Book
|c Children Collection
|e Cawangan Bandar Tenggara
|
| 999 |
|
|
|a 0001618137
|b Book
|c Children Collection
|e Cawangan Taman Universiti
|
| 999 |
|
|
|a 0001618138
|b Book
|c Children Collection
|e Cawangan Taman Universiti
|
| 999 |
|
|
|a 0001618139
|b Book
|c Children Collection
|e Cawangan Taman Universiti
|
| 999 |
|
|
|a 0001618140
|b Book
|c Children Collection
|e Cawangan Taman Universiti
|
| 999 |
|
|
|a 0001618141
|b Book
|c Children Collection
|e Cawangan Taman Universiti
|
| 999 |
|
|
|a 0001618142
|b Book
|c Children Collection
|e Cawangan Pontian
|
| 999 |
|
|
|a 0001618143
|b Book
|c Children Collection
|e Cawangan Pontian
|
| 999 |
|
|
|a 0001618144
|b Book
|c Children Collection
|e Cawangan Pontian
|
| 999 |
|
|
|a 0001618145
|b Book
|c Children Collection
|e Cawangan Pontian
|
| 999 |
|
|
|a 0001618146
|b Book
|c Children Collection
|e Cawangan Segamat
|
| 999 |
|
|
|a 0001618147
|b Book
|c Children Collection
|e Cawangan Segamat
|
| 999 |
|
|
|a 0001618148
|b Book
|c Children Collection
|e Cawangan Segamat
|
| 999 |
|
|
|a 0001618149
|b Book
|c Children Collection
|e Cawangan Segamat
|
| 999 |
|
|
|a 0001618150
|b Book
|c Children Collection
|e Cawangan Segamat
|
| 999 |
|
|
|a 0001618151
|b Book
|c Children Collection
|e Cawangan Tangkak
|
| 999 |
|
|
|a 0001618152
|b Book
|c Children Collection
|e Cawangan Tangkak
|
| 999 |
|
|
|a 0001618153
|b Book
|c Children Collection
|e Cawangan Tangkak
|
| 999 |
|
|
|a 0001618154
|b Book
|c Children Collection
|e Cawangan Tangkak
|
| 999 |
|
|
|a 0001618155
|b Book
|c Children Collection
|e Cawangan Tangkak
|
| 999 |
|
|
|a 0001618156
|b Book
|c Children Collection
|e Cawangan Bukit Gambir
|
| 999 |
|
|
|a 0001618157
|b Book
|c Children Collection
|e Cawangan Bukit Gambir
|
| 999 |
|
|
|a 0001618158
|b Book
|c Children Collection
|e Cawangan Bukit Gambir
|
| 999 |
|
|
|a 0001618163
|b Book
|c Children Collection
|e Cawangan Tmn. Ungku Tun Aminah
|
| 999 |
|
|
|a 0001618164
|b Book
|c Children Collection
|e Cawangan Tmn. Ungku Tun Aminah
|
| 999 |
|
|
|a 0001618165
|b Book
|c Children Collection
|e Cawangan Tmn. Ungku Tun Aminah
|
| 999 |
|
|
|a 0001618166
|b Book
|c Children Collection
|e Cawangan Tmn. Ungku Tun Aminah
|
| 999 |
|
|
|a 0001618167
|b Book
|c Children Collection
|e Cawangan Tmn. Ungku Tun Aminah
|
| 999 |
|
|
|a 0001618650
|b Book
|c Children Collection
|e Cawangan Urban Transformation Centre
|
| 999 |
|
|
|a 0001618651
|b Book
|c Children Collection
|e Cawangan Urban Transformation Centre
|
| 999 |
|
|
|a 0001618652
|b Book
|c Children Collection
|e Cawangan Urban Transformation Centre
|
| 999 |
|
|
|a 0001618653
|b Book
|c Children Collection
|e Cawangan Urban Transformation Centre
|
| 999 |
|
|
|a 0001618654
|b Book
|c Children Collection
|e Cawangan Urban Transformation Centre
|
| 999 |
|
|
|a 0001618655
|b Book
|c Children Collection
|e Cawangan AEON Kulaijaya
|
| 999 |
|
|
|a 0001618656
|b Book
|c Children Collection
|e Cawangan AEON Kulaijaya
|
| 999 |
|
|
|a 0001618657
|b Book
|c Children Collection
|e Cawangan AEON Kulaijaya
|
| 999 |
|
|
|a 0001618658
|b Book
|c Children Collection
|e Cawangan AEON Kulaijaya
|
| 999 |
|
|
|a 0001618659
|b Book
|c Children Collection
|e Cawangan AEON Kulaijaya
|
| 999 |
|
|
|a 0001618723
|b Book
|c Children Collection
|e Perbadanan Perpustakaan Awam Johor
|